LEADER 01170nlm0 22003251i 450 001 990009880590403321 005 20140709152622.0 010 $a9780851990774 035 $a000988059 035 $aFED01000988059 035 $a(Aleph)000988059FED01 035 $a000988059 100 $a20140709d2006----km-y0itay0103----ba 101 0 $aeng 135 $adrnn-008mamaa 200 1 $a<>economics of livestock disease insurance$bRisorsa elettronica$econcepts, issues and international case studies$fedited by S. R. Koontz ... [et al.] 210 $aOxfordshire$cCABI Pub.$cOvid [distributor]$d2006 230 $aDocumento elettronico 336 $aTesto 337 $aFormato pdf 676 $a368.56 702 1$aKoontz,$bStephen R. 801 3$aIT$bUNINA$gREICAT$2UNIMARC 856 4 $zFull text per gli utenti Federico II$uhttp://ovidsp.ovid.com/ovidweb.cgi?T=JS&PAGE=booktext&NEWS=N&DF=bookdb&AN=01434552/1st_Edition&XPATH=/PG(0) 901 $aEB 912 $a990009880590403321 961 $aLivestock insurance$aCase studies 961 $aLivestock$aDiseases$aCase studies 996 $aEconomics of livestock disease insurance$9829905 997 $aUNINA LEADER 03482nam 22007695 450 001 9910845493403321 005 20240912152018.0 010 $a9789819717170 010 $a9819717175 024 7 $a10.1007/978-981-97-1717-0 035 $a(MiAaPQ)EBC31222059 035 $a(Au-PeEL)EBL31222059 035 $a(OCoLC)1427668425 035 $a(DE-He213)978-981-97-1717-0 035 $a(CKB)30995734300041 035 $a(EXLCZ)9930995734300041 100 $a20240319d2024 u| 0 101 0 $aeng 135 $aurcnu|||||||| 181 $ctxt$2rdacontent 182 $cc$2rdamedia 183 $acr$2rdacarrier 200 10$aHealth Information Processing. Evaluation Track Papers $e9th China Conference, CHIP 2023, Hangzhou, China, October 27?29, 2023, Proceedings /$fedited by Hua Xu, Qingcai Chen, Hongfei Lin, Fei Wu, Lei Liu, Buzhou Tang, Tianyong Hao, Zhengxing Huang, Jianbo Lei, Zuofeng Li, Hui Zong 205 $a1st ed. 2024. 210 1$aSingapore :$cSpringer Nature Singapore :$cImprint: Springer,$d2024. 215 $a1 online resource (250 pages) 225 1 $aCommunications in Computer and Information Science,$x1865-0937 ;$v2080 311 08$a9789819717163 311 08$a9819717167 330 $aThis book constitutes the refereed proceedings of the evaluation track of the 9th China Health Information Processing Conference, CHIP 2023, held in Hangzhou, China, during October 27?29, 2023. The 15 algorithms papers and 6 overview papers included in this book were carefully reviewed and selected from a total of 66 submissions to the conference. They were organized in topical sections as follows: CHIP-PromptCBLUE Medical Large Model Evaluation; Chinese Medical Text Few-shot Named Entity Recognition; Drug Paper Document Recognition and Entity Relation Extraction; CHIP-YIER Medical Large Model Evaluation; Medical Literature PICOS Identification; Chinese Diabetes Question Classification;. 410 0$aCommunications in Computer and Information Science,$x1865-0937 ;$v2080 606 $aMedical informatics 606 $aArtificial intelligence 606 $aImage processing$xDigital techniques 606 $aComputer vision 606 $aInformation storage and retrieval systems 606 $aHealth Informatics 606 $aArtificial Intelligence 606 $aComputer Imaging, Vision, Pattern Recognition and Graphics 606 $aInformation Storage and Retrieval 615 0$aMedical informatics. 615 0$aArtificial intelligence. 615 0$aImage processing$xDigital techniques. 615 0$aComputer vision. 615 0$aInformation storage and retrieval systems. 615 14$aHealth Informatics. 615 24$aArtificial Intelligence. 615 24$aComputer Imaging, Vision, Pattern Recognition and Graphics. 615 24$aInformation Storage and Retrieval. 676 $a610.285 700 $aXu$b Hua$01669353 701 $aChen$b Qingcai$01379253 701 $aLin$b Hongfei$01379254 701 $aWu$b Fei$01379255 701 $aLiu$b Lei$0915338 701 $aTang$b Buzhou$01379252 701 $aHao$b Tianyong$01338145 701 $aHuang$b Zhengxing$01669354 701 $aLei$b Jianbo$01379258 701 $aLi$b Zuofeng$01379259 801 0$bMiAaPQ 801 1$bMiAaPQ 801 2$bMiAaPQ 906 $aBOOK 912 $a9910845493403321 996 $aHealth Information Processing. Evaluation Track Papers$94151190 997 $aUNINA